LEADER 01314nam a2200313 u 4500 001 000000058156 003 CaOOAMICUS 005 20150914183917.0 008 010528s1997 vc u000 u ita u 020 $a8820924161 035 $a10890568 040 $aPUL(R)$bita 110 2 $aCongregatio pro Clericis.$0(OLS)http://pul/name/15817 245 10$aDirettorio generale per la catechesi /$cCongregazione per il clero. 260 $aCittą del Vaticano :$bLibreria editrice vaticana,$cc1997. 300 $a319 p.$c21 cm 500 $aComprende indici. 504 $aBibliografia in nota. 650 4$aCatechesi.$0(OLS)http://pul/subject/4492 850 $aPUL 852 $aPUL$W1$xSL Cons. Gen., Altre Classi 1$y1$m2016.E$j75399$nBK-PRI$b $qStampati$B76006$CPULBib$Z2$F76006 $H $81 852 $aPUL$W1$xDP1 Fondo S. Lanza$y121$m3 N 84$j168595$qFondi$B169191$CPULBib$Z2$F169191 $HLAN135 $82 941 1 $a8 941 1 $a1 961 $aINV: 76958 961 $aNota ms. di possesso: Sergio Lanza 996 $6020$a8820924161$9(OLS)http://pul/number/73650 996 $6245$aDirettorio generale per la catechesi$9(OLS)http://pul/title/77883 996 $6260$aCittą del Vaticano :$bLibreria editrice vaticana$9(OLS)http://pul/publisher/47920 LEADER 01525nam a2200325 a 4500 001 000000136513 003 CaOOAMICUS 005 20131129101414.0 008 131129s2006 inu u000 u eng r 020 $z1587311275* 040 $aPUL$bita 082 04$a227 100 0 $aThomas Aquinas,$cs.,$dc. 1225-1274.$0(OLS)http://pul/name/3373 240 10$aS. Thomae Aquinatis Doctoris Angelici Super Epistolam ad Hebraeos Lectura.$lInglese.$0(OLS)http://pul/title/172758 245 10$aCommentary on the Epistle to the Hebrews /$cThomas Aquinas ; translated by Chrysostom Baer ; preface by Ralph McInerny. 260 $aSouth Bend :$bSt. Augustine's Press,$c2006. 300 $axvi, 334 p. ;$c22 cm 504 $aInclude riferimenti bibliografici e indici. 630 04$aBiblia.$pN.T.$pEpistolae catholicae$xCommenti.$0(OLS)http://pul/subject/2799 700 1 $aBaer, Chrysostom.$0(OLS)http://pul/name/87931 700 1 $aMcInerny, Ralph $b1929-2010.$0(OLS)http://pul/name/38372 850 $aPUL 852 $aPUL$W1$xSL Religione 3$y85$m227 TOMAQ 2$j157252$qDDC 21$B156708$CPULBib$Z2$F156708 $H123241 $82 900 $aTommaso d'Aquino,$cs.,$dc.1225-1274$93373 941 1 $a9 996 $6020$z1587311275*$9(OLS)http://pul/number/154040 996 $6082$a227$9(OLS)http://pul/classification/522 996 $6245$aCommentary on the Epistle to the Hebrews$9(OLS)http://pul/title/172759 996 $6260$aSouth Bend :$bSt. Augustine's Press$9(OLS)http://pul/publisher/75501